书目信息 |
| 题名: |
农业机械动力测量及
|
|
| 作者: | 维索茨基 著 ;达耀刚 译 | |
| 分册: | ||
| 出版信息: | 北京 机械工业出版社 1960 |
|
| 页数: | 279页 | |
| 开本: | 20cm | |
| 丛书名: | ||
| 单 册: | ||
| 中图分类: | S21 | |
| 科图分类: | ||
| 主题词: | 农业--动能 , 农业--能源 | |
| 电子资源: | ||
| ISBN: | ||
| 000 | 00659nam0 2200217 450 | |
| 001 | 0641554056 | |
| 005 | 20060323113531.39 | |
| 010 | @dCNY1.75 | |
| 100 | @a20060323d1960 km y0chiy0120 ea | |
| 101 | 0 | @achi |
| 102 | @aCN@b110000 | |
| 200 | 1 | @a农业机械动力测量及@Anong ye ji xie dong li ce liang ji@f(苏)А·А·维索茨基著@F(su)А·А·wei suo ci ji zhu@g达耀刚等译@Gda yao gang deng yi |
| 210 | @a北京@c机械工业出版社@d1960 | |
| 215 | 1 | @a279页@d20cm |
| 606 | 0 | @a农业@x动能 |
| 606 | 0 | @a农业@x能源 |
| 690 | @aS21@v4 | |
| 701 | 0 | @a维索茨基@Awei suo ci ji@4著 |
| 702 | 0 | @a达耀刚@Ada yao gang@4译 |
| 801 | 0 | @aCN@bPFT@c20060323 |
| 905 | @a10447@dS21@e11 | |
| 农业机械动力测量及/(苏)А·А·维索茨基著/达耀刚等译.-北京:机械工业出版社,1960 |
| 279页;20cm |
| ISBN :CNY1.75 |
| ● |
| 相关链接 |
|
|
|
|
正题名:农业机械动力测量及
索取号:S21/11
 
预约/预借
| 序号 | 登录号 | 条形码 | 馆藏地/架位号 | 状态 | 备注 |
| 1 | 0018041 | 202208681 | 密集书库/ [索取号:S21/11] | 在馆 |